00475nam a2200157Ia 450000500170000000800410001708200130005810000090007124500240008026000670010430000120017165000180018394200060020195200950020799900150030220250422014310.0240331s9999 xx 000 0 und d bSAMa200 aSami 0aKadavular kathaikal aChennaibPeriyar Suyamariyathai pirasar niruvan veliyiduc1994 a41 p ., aShort Stories cL 001040708LaWERCLbWERCLcSSCd2024-03-31l0o 200 SAMp2164r2024-03-31w2024-03-31yL c3557d3557